000 01503nam a2200481 i 4500
001 32466
003 KOSZ 005
005 20191218143442.0
008 121010s1995 pl a f f |000 0 pol
015 _aPB 2012/31960
020 _a838583169X
035 _a991012037179705066
035 _a(PL-WaBN)b27761265-48omnis_nlop
035 _ab27761265
035 _a(OCoLC)749448307
035 _a(PL)b0000002776126
035 _a(EXLNZ-48OMNIS_NETWORK)9910076659105606
040 _aWA N
_cWA N
_dKOSZ 005/HR
046 _k1995
080 _a(075.8)
080 _a303
100 1 _aSztumski, Janusz
_d(1930- )
_eAutor
245 1 0 _aWstęp do metod i technik badań społecznych /
_cJanusz Sztumski.
250 _aWyd. 3. zm. i uzup.
260 _aKatowice :
_b"Śląsk",
_c1995.
300 _a209 s. :
_bil. ;
_c21 cm.
380 _aKsiążki
380 _aPublikacje naukowe
380 _aPublikacje dydaktyczne
385 _mPoziom nauczania
_aSzkoły wyższze
388 _a1901-2000
388 _a1989-2000
504 _aBibliogr. s. 208-209.
650 7 _aSocjologia
_2DBN
650 7 _aMetody badawcze
655 7 _aPodręczniki akademickie
_2DBN
658 _aNauka i badania
658 _aSocjologia i społeczeństwo
710 2 _aWydawnictwo Naukowe Śląsk
_4pbl
856 _uhttp://koha.tu.koszalin.pl/cgi-bin/koha/opac-detail.pl?biblionumber=32466
_yKatalog online BPK
942 _2UKD
_cKS
999 _c32466
_d32466